000 00555nam a2200193Ia 4500
999 _c15110
_d15110
003 OSt
005 20201112133033.0
008 190216s9999||||xx |||||||||||||| ||und||
020 _a9788120718296
040 _coclc
082 _a423
_bKUM/G
100 _aKumar, Vijaya
_96549
245 0 _aGrammar Matters Dictionary For Misspellers /
_cVijaya Kumar
250 _a1st Ed.
260 _bSterling Paperbacks Publications,
_c2006.
_aNew Delhi:
300 _a138p
650 _aEnglish
942 _cBK
_2ddc
_h423
_iKUM/G
_k423
_mKUM/G